Nové analýzy riadenia vzťahov so zákazníkmi v marketingu
Komparácia tradičného a moderného marketingového prístupu k riadeniu vzťahov so zákaznikmi. Popis nových zákazníckych analýz ako sú mapping SS, matica dôležitosti klientov a matica súčasná - potenciálna rentabilita zákaznikov.
Salvato in:
| Autore principale: | |
|---|---|
| Natura: | Capitolo di libro |
| Lingua: | slovacco |
| Soggetti: | |
| Tags: |
Nessun Tag, puoi essere il primo ad aggiungerne!!
|
MARC
| LEADER | 00000naa$a2200000$$$4500 | ||
|---|---|---|---|
| 001 | 0096961 | ||
| 005 | 20240502072056.5 | ||
| 041 | 0 | |a slo | |
| 044 | |a SK | ||
| 245 | 1 | 0 | |a Nové analýzy riadenia vzťahov so zákazníkmi v marketingu |c Juraj Chebeň |
| 520 | |a Komparácia tradičného a moderného marketingového prístupu k riadeniu vzťahov so zákaznikmi. Popis nových zákazníckych analýz ako sú mapping SS, matica dôležitosti klientov a matica súčasná - potenciálna rentabilita zákaznikov. | ||
| 610 | 2 | 0 | |a riadenie vzťahov so zákazníkmi |
| 610 | 2 | 0 | |a systém CRM |
| 610 | 2 | 0 | |a metóda ABC |
| 610 | 2 | 0 | |a lojálnosť zákazníkov |
| 100 | 1 | |a Chebeň, Juraj | |